000 00557nam a2200181Ia 4500
005 20250508154719.0
008 008 250505s9999 xx 000 0 eng d
037 _aTextual
040 _aFEDL
_beng
_cFEDL
041 _aeng
_2eng
084 _a371.27, GRE
_qFEDL
245 0 _aMultiple marking of English compositions : An account of experiment
260 _aLondon, UK
_bHer Majesty's Stationery Office
_c1966
300 _avi,50p
546 _aExaminations bulletin No. 12
942 _cTEXL
_h371.27, GRE
999 _c1351745
_d1351745